MARC details
| 000 -LEADER |
| campo de control de longitud fija |
01471nac a2200277 a 4500 |
| 003 - IDENTIFICADOR DE NÚMERO DE CONTROL |
| campo de control |
CO-PeBPM |
| 005 - FECHA Y HORA DE LA ÚLTIMA TRANSACCIÓN |
| campo de control |
20250506215434.0 |
| 007 - CAMPO FIJO DE DESCRIPCIÓN FÍSICA--INFORMACIÓN GENERAL |
| campo de control de longitud fija |
ta |
| 008 - DATOS DE LONGITUD FIJA--INFORMACIÓN GENERAL |
| campo de control de longitud fija |
250506s2002 ck |||| |||| 00| 0 spa d |
| 020 ## - NÚMERO INTERNACIONAL ESTÁNDAR DEL LIBRO |
| Número Internacional Estándar del Libro |
ISBN: 9586078019 |
| 040 ## - FUENTE DE CATALOGACIÓN |
| Centro catalogador/agencia de origen |
CO-PeBPM |
| Lengua de catalogación |
spa |
| Centro/agencia transcriptor |
CO-PeBPM |
| Normas de descripción |
rda |
| 041 ## - CÓDIGO DE IDIOMA |
| Código de lengua del texto/banda sonora o título independiente |
spa |
| 082 04 - NÚMERO DE LA CLASIFICACIÓN DECIMAL DEWEY |
| Número de clasificación |
155.5 P257p |
| Número de edición |
22 |
| 100 10 - ENTRADA PRINCIPAL--NOMBRE DE PERSONA |
| Nombre de persona |
Parolari, Fernanda |
| Término indicativo de función/relación |
autora |
| 245 10 - MENCIÓN DEL TÍTULO |
| Título |
Psicología de la adolescencia |
| Resto del título |
: Despertar para la vida |
| Mención de responsabilidad, etc. |
/ Fernanda Parolari; traducción Bertulio Salazar |
| 250 ## - MENCION DE EDICION |
| Mención de edición |
segunda reimpresión |
| 260 ## - PUBLICACIÓN, DISTRIBUCIÓN, ETC. |
| Lugar de publicación, distribución, etc. |
Bogotá, Colombia |
| Nombre del editor, distribuidor, etc. |
: San Pablo |
| Fecha de publicación, distribución, etc. |
, 2002 |
| 300 ## - DESCRIPCIÓN FÍSICA |
| Extensión |
169 páginas |
| Dimensiones |
18 centímetros |
| 490 ## - MENCIÓN DE SERIE |
| Mención de serie |
Adolescentes |
| 500 ## - NOTA GENERAL |
| Nota general |
Incluye índice al final del texto |
| 520 ## - RESUMEN, ETC. |
| Sumario, etc. |
De repente, el cuerpo del niño empieza a cambiar, ahora se rebela contra todo, quiere ser independiente, tiene proyectos para transformar el mundo. Es un abrirse el botón, en flor, la adolescencia, período en el que el niño se convierte en adulto. La autora transmite aquí todo su cariño de madre y su experiencia profesional como psicóloga en el trato con el adolescente. Aborda las características de esta etapa, los disturbios más comunes y el llamado "conflicto de generaciones", con una propuesta de medios adecuados para un desenvolvimiento sano del joven y su relación positiva en la familia. |
| 650 14 - PUNTO DE ACCESO ADICIONAL DE MATERIA--TÉRMINO DE MATERIA |
| Término de materia o nombre geográfico como elemento de entrada |
Psicología del adolescente |
| Fuente del encabezamiento o término |
LEMB |
| 650 14 - PUNTO DE ACCESO ADICIONAL DE MATERIA--TÉRMINO DE MATERIA |
| Término de materia o nombre geográfico como elemento de entrada |
Educación |
| Fuente del encabezamiento o término |
LEMB |
| 700 14 - ENTRADA AGREGADA--NOMBRE PERSONAL |
| Nombre de persona |
Salazar, Bertulio |
| Término indicativo de función/relación |
traducción |
| 942 ## - ELEMENTOS DE ENTRADA SECUNDARIOS (KOHA) |
| Fuente del sistema de clasificación o colocación |
Clasificación Decimal Dewey |
| Tipo de ítem Koha |
Libros |
| Suprimir en OPAC |
No |